LEADER 00750nam0-22002651i-450 001 990004811720403321 005 20180227124515.0 035 $a000481172 100 $a19990530d1930----km-y0itay50------ba 101 0 $as spa 102 $aES 105 $ay-------001gy 200 1 $aPoetas jóvenes de América$e(exposicion)$fAlberto Guillén 210 $aMadrid$cAguilar$d1930 215 $a289 p.$d19 cm 610 0 $aPoesia spagnola$aAmerica latina$aAntologie 676 $a861.008$v22 700 1$aGuillen,$bAlberto$0192377 801 0$aIT$bUNINA$gRICA$2UNIMARC 901 $aBK 912 $a990004811720403321 952 $a861.008 GUI !$bIst.f.m.123$fFLFBC 959 $aFLFBC 996 $aPoetas jóvenes de Amèrica$9518920 997 $aUNINA LEADER 01659nam 2200361 n 450 001 996390652203316 005 20200824121508.0 035 $a(CKB)4940000000099818 035 $a(EEBO)2240873418 035 $a(UnM)99830471e 035 $a(UnM)99830471 035 $a(EXLCZ)994940000000099818 100 $a19950802d1692 uy | 101 0 $aeng 135 $aurbn||||a|bb| 200 14$aThe fencing-master's advice to his scholar: or, A few directions for the more regular assaulting in schools$b[electronic resource] $ePublished by way of dialogue, for the benefit of all who shall be so far advanced in the art, as to be fit for assaulting. By the author of The Scots fencing-master, and Sword-mans vade-mecum 210 $aEdinburgh $cprinted by John Reid, at his printing-house in Bells-wynd$danno Domini, 1692 215 $a96 p 300 $aThe author of The Scots fencing-master, and Sword-mans vade-mecum = Sir William Hope. 300 $aCaption titles on p. 11: "The fencing master's advice to his scholar, by way of dialogue"; and on p. 87: "The original contract of the Society of Sword Men in Scotland.". 300 $aReproduction of the original in the British Library. 330 $aeebo-0018 606 $aFencing$xTraining$zScotland$vEarly works to 1800 615 0$aFencing$xTraining 700 $aHope$b William$cSir.$01002305 801 0$bCu-RivES 801 1$bCu-RivES 801 2$bCStRLIN 801 2$bWaOLN 906 $aBOOK 912 $a996390652203316 996 $aThe fencing-master's advice to his scholar: or, A few directions for the more regular assaulting in schools$92379033 997 $aUNISA LEADER 01638nam 2200457 450 001 9910703784803321 005 20150521163355.0 035 $a(CKB)5470000002433870 035 $a(OCoLC)909811584 035 $a(EXLCZ)995470000002433870 100 $a20150521j201412 ua 0 101 0 $aeng 135 $aurcn||||||||| 181 $ctxt$2rdacontent 182 $cc$2rdamedia 183 $acr$2rdacarrier 200 10$aDevelopment and experimental evaluation of passive fuel cell thermal control /$fAnthony J. Colozza [and three others] 210 1$aCleveland, Ohio :$cNational Aeronautics and Space Administration, Glenn Research Center,$dDecember 2014. 215 $a1 online resource (iii, 106 pages) $ccolor illustrations 225 1 $aNASA/TM ;$v2014-218395 300 $aTitle from title screen (viewed on May 21, 2015). 300 $a"December 2014." 320 $aIncludes bibliographical references (page 106). 606 $aTemperature control$2nasat 606 $aCooling systems$2nasat 606 $aConvective heat transfer$2nasat 606 $aThermal conductivity$2nasat 606 $aElectrical resistivity$2nasat 615 7$aTemperature control. 615 7$aCooling systems. 615 7$aConvective heat transfer. 615 7$aThermal conductivity. 615 7$aElectrical resistivity. 700 $aColozza$b Anthony J.$01391253 712 02$aNASA Glenn Research Center, 801 0$bGPO 801 1$bGPO 906 $aBOOK 912 $a9910703784803321 996 $aDevelopment and experimental evaluation of passive fuel cell thermal control$93505139 997 $aUNINA